Регионална библиотека "Любен Каравелов" - Русе

За ролята на правосъдието в Европейския съюз (Запис номер 169145)

MARC детайли
000 -Лидер
Контролно поле с фиксирана дължина 01714nam a2200361 c 4500
003 - Код на организацията, давaща контролен номер
Контролно поле BLK
005 - Дата и час на последна редакция
Контролно поле 20180420235212.0
008 - Елементи от данни с фиксирана дължина
fixed length control field 180411b bul|||||r ||||||| ||bul||
010 ## - Наследен системен номер
LC control number KNG00177130000
020 ## - Международен стандартен номер на книга ISBN
Международен стандартен номер на книга ISBN 978-954-730-885-5
-- издат.: Сиби
040 ## - Източник на каталожния запис
Идентификатор на билиотеката - собственик на записа BLK
041 ## - Код за език
Код за езика на текст/звукозапис или на отделно заглавие Български
Код за езика КДБФ Български
072 #7 - Код за тематичната категория
Код организация bullib
Код за тематична категория Н34
Текст Право Н
080 ## - УДК
Текстов определител УДК Съдопроизводство (Съдебна процедура). Съдоустройство (Организация на съдилищата и прокуратурата). Вж и 343. 1;344;348
УДК код - определител по УДК 347.9
УДК определител (4-6)(062.2)
УДК - код + определител 347.9(4-6)(062.2)
139 ## - Редно поле
Редна дума За ролята на правосъдието в Европейския съюз
Авторски знак З - З 11
245 10 - Сведения за заглавието
Заглавие За ролята на правосъдието в Европейския съюз
Подзаглавни данни Материали от европ.конф., Брюксел, 21 - 22 ноем. 2013 г.
Редно поле (дума) състав. и прев. Иванка Петкова Иванова.
257 ## - Страна на издаване
Страна на създаване/издаване Белгия
260 ## - Област на издателските данни
-- София
Име на издателя, разпространителя и проч. Сиби
Година на издаване 2014
Печатница София : Скайпринт
300 ## - Физическа характеристика
Страници 56 с.
Размери/Мащаб 21 см
380 ## - Жанр
Жанр Обществени науки
500 ## - Общи забележки
Забележка Ориг. загл.: Les assises de la justice. - Изд. на Институт Отворено о-во
650 #4 - Допълнително описание по предмет – тема
Основно описание – тема или топоним Правосъдие - Европа
9 (RLIN) 338108
653 ## - Ключова дума – ненормативна
Ключова дума съдоустройство
653 ## - Ключова дума – ненормативна
Ключова дума правосъдие
653 ## - Ключова дума – ненормативна
Ключова дума Европейски съюз
659 ## - Тематичен бюлетин
Тематичен бюлетин Н
700 1# - Други автори (авторска отговорност)
Лично име Иванова, Иванка Петкова
Автороска отговорност (Описва отношението между автора и произведението) състав. и прев.
9 (RLIN) 338107
852 ## - Местоположение
Форматна сигнатура Цб 274915
856 4# - Електронен адрес и достъп
Електронен формат pdf - файл
Път до файла /url/
856 4# - Електронен адрес и достъп
Електронен формат pdf - файл
Път до файла /url/
942 ## - АРТИКУЛИ
Вид на библиотечния материал Книги
Скрит в OPAC Не
944 ## - СЪЗДАВАНЕ И РЕДАКЦИЯ на ЗАПИСА
Създаване/Редакция Създаване
Дата на регистрацията/редакция 25.06.2015
Служител, извършил регистрацията/редакцията Виолета_Тройчева
944 ## - СЪЗДАВАНЕ И РЕДАКЦИЯ на ЗАПИСА
Създаване/Редакция Редакция
Дата на регистрацията/редакция 10.11.2015
Служител, извършил регистрацията/редакцията Геновева_Генчева
999 ## - СИСТЕМНИ КОНТРОЛНИ НОМЕРА
Koha biblionumber 169145
Koha biblioitemnumber 169145
Наличности
Код за отписване Код за изгубен артикул Код за повреда Коз за рестрикции Код за отдаване Артикулен № Име на библиотеката - собственик Име на библиотеката, в която се намира в момента Статус (Текущо местоположение) Дата на вписване в системата Местоположение - отдел Цена в лева Инвентарен номер Систематично азбучна сигнатура Баркод Номер на екземпляра Цена в евро Служебна бележка Служебен тип на артикула Източник на класификационната схема
  Не е изгубен Не е повреден без рестрикции ползва се в читалня 286014 Регионална библиотека "Любен Каравелов" Русе Регионална библиотека "Любен Каравелов" Русе Хранилище 2015-06-27 Хранилище 4.00 120000789181 Цб 274915 120000789181 1 2.05 Дост: Dp Вид: Д N: 4 Дата: 19.01.2015 Книги  
  Не е изгубен Не е повреден без рестрикции заемане за дома 286015 Регионална библиотека "Любен Каравелов" Русе Регионална библиотека "Любен Каравелов" Русе Заемна - подръчен фонд 2015-07-10 Заемна - подръчен фонд 4.00 120000789947 П 347/З 11 120000789947 2 2.05 Дост: DA Вид: А N: 11 Дата: 10.07.2015 Дата инв: 05.02.2018 Бележки инв: П2018 Книги  
Изтеглен Не е изгубен Не е повреден без рестрикции заемане за дома 286016 Регионална библиотека "Любен Каравелов" Русе Регионална библиотека "Любен Каравелов" Русе Заемна - подръчен фонд 2015-07-10 Заемна - подръчен фонд 4.00 120000789948 П 347/З 11 120000789948 3 2.05 Дост: DA Вид: А N: 11 Дата: 10.07.2015 Дата инв: 05.02.2018 Бележки инв: П2018 Книги Universal Decimal Classification
Vip Innovations Ltd, Rousse, Bulgaria 2025